[Event "Montigny le Bretonneux Noel op 20th"]
[Site "Montigny le Bretonneux"]
[Date "2019.12.27"]
[Round "1"]
[White "Benbakir, Chouaib"]
[Black "Montay, Jean Paul"]
[Result "1-0"]
[WhiteElo "1864"]
[BlackElo "1298"]
[PlyCount "103"]
[EventDate "2019.12.27"]
[EventType "swiss"]
[EventRounds "7"]
[EventCountry "FRA"]
[SourceTitle "CBM 194 Extra"]
[Source "ChessBase"]
[SourceDate "2020.03.31"]
[SourceVersion "1"]
[SourceVersionDate "2020.03.31"]
[SourceQuality "1"]

1. e4 e5 2. Nf3 Nc6 3. Bc4 Bc5 4. c3 d6 5. d4 Bb6 6. dxe5 Be6 7. Bxe6 fxe6 8. Bg5 Nge7 9. exd6 cxd6 10. 0-0 0-0 11. Nbd2 Qd7 12. Nc4 Bc7 13. Nfe5 Nxe5 14. Nxe5 Qe8 15. Bxe7 Qxe7 16. Nd3 Rad8 17. Qe2 d5 18. exd5 Rxd5 19. g3 e5 20. Rad1 e4 21. Nb4 Rxd1 22. Qxd1 Qc5 23. Qd5+ Qxd5 24. Nxd5 Bd6 25. Re1 Bc5 26. Re2 Rf5 27. c4 Kf7 28. Kg2 b5 29. b3 b4 30. Ne3 Re5 31. Rd2 Bxe3 32. fxe3 Ke6 33. Rd8 Ra5 34. Rd2 Rf5 35. Rd4 Re5 36. g4 g5 37. Kg3 h6 38. h3 Ke7 39. h4 Ke6 40. h5 Ke7 41. Kf2 Ra5 42. Rxe4+ Kd6 43. Rd4+ Ke6 44. Rd2 Ke5 45. Kf3 Rc5 46. e4 Ra5 47. Rd5+ Rxd5 48. cxd5 Kd6 49. Ke3 Ke5 50. Kd3 a6 51. Kc4 Kd6 52. Kd4 1-0

[Event "Montigny le Bretonneux Noel op 19th"]
[Site "Montigny le Bretonneux"]
[Date "2018.12.27"]
[Round "2"]
[White "Couradin, Bruno"]
[Black "Benbakir, Chouaib"]
[Result "0-1"]
[WhiteElo "1610"]
[BlackElo "1828"]
[PlyCount "90"]
[EventDate "2018.12.26"]
[EventType "swiss"]
[EventRounds "7"]
[EventCountry "FRA"]
[SourceTitle "CBM 188 Extra"]
[Source "ChessBase"]
[SourceDate "2019.02.26"]
[SourceVersion "1"]
[SourceVersionDate "2019.02.26"]
[SourceQuality "1"]

1. e4 d6 2. Bc4 Nf6 3. Nc3 g6 4. d4 Bg7 5. Nf3 0-0 6. 0-0 Bg4 7. h3 Bxf3 8. Qxf3 Nc6 9. Be3 e5 10. d5 Nd4 11. Bxd4 exd4 12. Ne2 Nd7 13. Qd3 Nc5 14. Qd2 Nxe4 15. Qd1 Qf6 16. f3 Nc5 17. Ng3 Qh4 18. Ne2 Nd7 19. Qe1 Qxe1 20. Rfxe1 c5 21. dxc6 bxc6 22. Rad1 c5 23. Nf4 Nb6 24. Ba6 g5 25. Nd3 Rfe8 26. Rxe8+ Rxe8 27. Kf2 f5 28. Re1 Rxe1 29. Kxe1 Kf7 30. Kd2 Ke6 31. c3 c4 32. Nb4 d5 33. Nc6 dxc3+ 34. bxc3 Na4 35. Nd4+ Bxd4 36. cxd4 Nb6 37. Kc3 h5 38. Bb5 f4 39. Be8 h4 40. a3 a5 41. Bc6 Nc8 42. Ba4 Nd6 43. Bc2 Nb5+ 44. Kb2 Nxd4 45. Bh7 Nf5 0-1

[Event "Montigny le Bretonneux Noel op 18th"]
[Site "Montigny le Bretonneux"]
[Date "2017.12.29"]
[Round "6"]
[White "Guedira, Aymen"]
[Black "Benbakir, Chouaib"]
[Result "1-0"]
[WhiteElo "1804"]
[BlackElo "1817"]
[PlyCount "79"]
[EventDate "2017.12.26"]
[EventType "swiss"]
[EventRounds "7"]
[EventCountry "FRA"]
[SourceTitle "CBM 182 Extra"]
[Source "ChessBase"]
[SourceDate "2018.02.23"]
[SourceVersion "1"]
[SourceVersionDate "2018.02.23"]
[SourceQuality "1"]

1. e4 d6 2. d4 Nf6 3. Nc3 g6 4. f4 Bg7 5. Nf3 0-0 6. Bd3 Nc6 7. 0-0 e5 8. fxe5 dxe5 9. d5 Ne7 10. Bg5 Ne8 11. Qe1 f6 12. Be3 Nd6 13. Rd1 f5 14. Bg5 h6 15. Bh4 f4 16. Kh1 g5 17. Bf2 Ng6 18. Na4 Bf6 19. c4 g4 20. Nd2 h5 21. c5 Nf7 22. Bc4 Kg7 23. Bb3 Rh8 24. d6 c6 25. Nc4 Bh4 26. d7 Bxd7 27. Bxh4 Nxh4 28. Rxd7 Qxd7 29. Qxh4 Qd8 30. Qf2 Qe7 31. Nc3 Rad8 32. Ne3 Nh6 33. Nf5+ Nxf5 34. exf5 Rd4 35. Qe1 Qxc5 36. Qh4 Qd6 37. Qg5+ Kf8 38. Be6 Qe7 39. f6 Qh7 40. Qxe5 1-0

[Event "Montigny le Bretonneux op 21st"]
[Site "Montigny le Bretonneux"]
[Date "2017.05.28"]
[Round "8"]
[White "Benbakir, Chouaib"]
[Black "Charron, Thomas"]
[Result "1-0"]
[WhiteElo "1809"]
[BlackElo "1550"]
[PlyCount "77"]
[EventDate "2017.05.25"]
[EventType "swiss"]
[EventRounds "9"]
[EventCountry "FRA"]
[SourceTitle "EXT 2020"]
[Source "ChessBase"]
[SourceDate "2019.10.17"]
[SourceVersion "1"]
[SourceVersionDate "2019.10.17"]
[SourceQuality "1"]

1. e4 e5 2. Nf3 Nc6 3. Bc4 Bc5 4. c3 Nf6 5. 0-0 d6 6. h3 0-0 7. Re1 Be6 8. Bb3 Qd7 9. d4 Bxb3 10. axb3 exd4 11. cxd4 Bb6 12. Bg5 Ne8 13. Nc3 f6 14. Bh4 a6 15. b4 Na7 16. Nd5 Nc8 17. Qb3 Kh8 18. b5 a5 19. Rac1 Na7 20. Nc3 g5 21. Bg3 Ng7 22. e5 Nf5 23. e6 Qe8 24. Qd5 Nxg3 25. fxg3 Rb8 26. Kh2 Nc8 27. Qc4 Ne7 28. Nd5 Nxd5 29. Qxd5 Qe7 30. Qf5 Rbc8 31. d5 Bf2 32. Re2 Bc5 33. Nd2 Kg8 34. Ne4 Bd4 35. Rc4 Be5 36. Rec2 b6 37. Nc3 Bxc3 38. Rc1 Kg7 39. Qc2 1-0

[Event "Montigny le Bretonneux op 21st"]
[Site "Montigny le Bretonneux"]
[Date "2017.05.25"]
[Round "2"]
[White "Benbakir, Chouaib"]
[Black "Couradin, Bruno"]
[Result "1/2-1/2"]
[WhiteElo "1809"]
[BlackElo "1550"]
[PlyCount "92"]
[EventDate "2017.05.25"]
[EventType "swiss"]
[EventRounds "9"]
[EventCountry "FRA"]
[SourceTitle "EXT 2020"]
[Source "ChessBase"]
[SourceDate "2019.10.17"]
[SourceVersion "1"]
[SourceVersionDate "2019.10.17"]
[SourceQuality "1"]

1. e4 e5 2. Nf3 Nc6 3. Bc4 h6 4. d4 exd4 5. Nxd4 Ne5 6. Bb3 Bc5 7. 0-0 Nf6 8. Nc3 0-0 9. Na4 Bxd4 10. Qxd4 d6 11. Nc3 Be6 12. Nd5 c5 13. Nxf6+ gxf6 14. Qc3 Kh7 15. Bxe6 fxe6 16. Qh3 Nf7 17. Qxe6 Qe8 18. Qf5+ Kg7 19. f3 Qe5 20. Qxe5 fxe5 21. Be3 Rac8 22. c4 Nd8 23. Rfd1 Rc6 24. Rd3 Ne6 25. Kf2 a6 26. Rad1 Nd4 27. Bxd4 cxd4 28. b3 Rfc8 29. f4 b5 30. cxb5 axb5 31. f5 Rc2+ 32. R1d2 Rxd2+ 33. Rxd2 Rc3 34. Ke2 h5 35. Kd1 Kf6 36. Rc2 b4 37. Re2 Rc5 38. Kd2 d5 39. exd5 Rxd5 40. Kd3 Kxf5 41. Rf2+ Ke6 42. Rc2 Kd6 43. Rc4 Rb5 44. Ke4 Rd5 45. Kd3 Rb5 46. Ke4 Rd5 1/2-1/2

[Event "Montigny le Bretonneux op 21st"]
[Site "Montigny le Bretonneux"]
[Date "2017.05.25"]
[Round "1"]
[White "Sondermeijer, Antoine"]
[Black "Benbakir, Chouaib"]
[Result "0-1"]
[WhiteElo "1399"]
[BlackElo "1809"]
[PlyCount "72"]
[EventDate "2017.05.25"]
[EventType "swiss"]
[EventRounds "9"]
[EventCountry "FRA"]
[SourceTitle "EXT 2020"]
[Source "ChessBase"]
[SourceDate "2019.10.17"]
[SourceVersion "1"]
[SourceVersionDate "2019.10.17"]
[SourceQuality "1"]

1. c4 Nf6 2. Nf3 g6 3. g3 Bg7 4. Bg2 0-0 5. 0-0 d6 6. d3 Nc6 7. Nc3 e5 8. Bd2 Be6 9. Ng5 Bd7 10. Rb1 h6 11. Nf3 Ne7 12. Qc1 Kh7 13. b4 c6 14. a4 Nh5 15. b5 f5 16. e4 f4 17. Qa3 Be6 18. bxc6 bxc6 19. a5 a6 20. Na4 fxg3 21. fxg3 c5 22. Nb6 Ra7 23. Qc1 Nc6 24. Qe1 Raf7 25. Bg5 hxg5 26. Rb2 g4 27. Nd2 Nd4 28. Qb1 Bh6 29. Nb3 Rxf1+ 30. Bxf1 Be3+ 31. Kh1 Qf6 32. Bg2 Nxb3 33. Rxb3 Bd4 34. Qd1 Qg5 35. Ra3 Nxg3+ 36. hxg3 Qh5+ 0-1

[Event "Montigny le Bretonneux op 21st"]
[Site "Montigny le Bretonneux"]
[Date "2017.05.25"]
[Round "3"]
[White "Sondermeijer, Damien"]
[Black "Benbakir, Chouaib"]
[Result "0-1"]
[WhiteElo "1297"]
[BlackElo "1809"]
[PlyCount "74"]
[EventDate "2017.05.25"]
[EventType "swiss"]
[EventRounds "9"]
[EventCountry "FRA"]
[SourceTitle "EXT 2020"]
[Source "ChessBase"]
[SourceDate "2019.10.17"]
[SourceVersion "1"]
[SourceVersionDate "2019.10.17"]
[SourceQuality "1"]

1. Nf3 Nf6 2. g3 g6 3. Bg2 Bg7 4. c4 0-0 5. d4 d6 6. 0-0 Nc6 7. Nc3 e5 8. e3 exd4 9. exd4 h6 10. Re1 Bg4 11. Qd3 Bf5 12. Qd1 Nb4 13. Re2 c6 14. a3 Na6 15. Bd2 Bd3 16. Re1 Bxc4 17. Ne4 Bd5 18. Nxf6+ Qxf6 19. Be3 Nc7 20. Qd2 Bxf3 21. Bxf3 Qxf3 22. Bxh6 Rfe8 23. Bxg7 Kxg7 24. Qb4 Nb5 25. a4 a5 26. Qc4 Nc7 27. b4 Qd5 28. Qc3 axb4 29. Qxb4 Rxe1+ 30. Rxe1 Ne6 31. Rd1 c5 32. Qb5 Nxd4 33. Qd7 Ne2+ 34. Kf1 Qxd1+ 35. Kg2 Qd5+ 36. Kf1 Nd4 37. Qg4 Qh1# 0-1

[Event "Montigny le Bretonneux Noel op 17th"]
[Site "Montigny le Bretonneux"]
[Date "2016.12.28"]
[Round "3"]
[White "Artieres, Michel"]
[Black "Benbakir, Chouaib"]
[Result "1/2-1/2"]
[WhiteElo "1783"]
[BlackElo "1729"]
[PlyCount "83"]
[EventDate "2016.12.26"]
[EventType "swiss"]
[EventRounds "7"]
[EventCountry "FRA"]
[SourceTitle "CBM 176 Extra"]
[Source "ChessBase"]
[SourceDate "2017.03.02"]
[SourceVersion "1"]
[SourceVersionDate "2017.03.02"]
[SourceQuality "1"]

1. e4 d6 2. d4 Nf6 3. Bd3 g6 4. Ne2 Bg7 5. c4 0-0 6. Nbc3 Nc6 7. 0-0 e5 8. d5 Ne7 9. Ng3 Ne8 10. Be3 f5 11. exf5 gxf5 12. f4 e4 13. Bc2 Nf6 14. Bd4 Ng6 15. Nce2 Rf7 16. b4 h5 17. Qd2 h4 18. Nh1 Qe7 19. Nf2 Bd7 20. Bb3 Bh6 21. c5 Bb5 22. Nh3 Ng4 23. Be3 Nxe3 24. Qxe3 Ne5 25. a4 Bd3 26. Rac1 Rg7 27. Kh1 Kh8 28. Rg1 Bxe2 29. Qxe2 Nd3 30. Rc4 Nxf4 31. Nxf4 Bxf4 32. Qh5+ Rh7 33. Qxf5 Be5 34. Qxe4 Rf8 35. Qd3 Qg5 36. Bc2 Rg7 37. Qh3 Rf4 38. Rxf4 Qxf4 39. cxd6 cxd6 40. b5 Rc7 41. Bd1 Rc3 42. Bf3 1/2-1/2

[Event "Montigny le Bretonneux Noel op 17th"]
[Site "Montigny le Bretonneux"]
[Date "2016.12.27"]
[Round "1"]
[White "Ider, Bayar"]
[Black "Benbakir, Chouaib"]
[Result "0-1"]
[WhiteElo "1222"]
[BlackElo "1729"]
[PlyCount "54"]
[EventDate "2016.12.26"]
[EventType "swiss"]
[EventRounds "7"]
[EventCountry "FRA"]
[SourceTitle "CBM 176 Extra"]
[Source "ChessBase"]
[SourceDate "2017.03.02"]
[SourceVersion "1"]
[SourceVersionDate "2017.03.02"]
[SourceQuality "1"]

1. d4 Nf6 2. Nf3 g6 3. Bf4 Bg7 4. h3 0-0 5. e3 d6 6. Bc4 c6 7. 0-0 b5 8. Bd3 Nbd7 9. c3 Bb7 10. Nbd2 Re8 11. Qc2 e5 12. Bh2 a6 13. dxe5 dxe5 14. Ne4 Nxe4 15. Bxe4 f5 16. Bxf5 gxf5 17. Qxf5 Bc8 18. Rfd1 Qe7 19. Qe4 Qf6 20. c4 Nc5 21. Qc2 Bf5 22. Qc3 e4 23. Qxf6 Bxf6 24. Nd4 Bd7 25. Rac1 Nd3 26. Rc2 c5 27. Nb3 bxc4 0-1

[Event "Montigny le Bretonneux 1hKO 20th"]
[Site "Montigny le Bretonneux"]
[Date "2016.05.07"]
[Round "4.5"]
[White "Benbakir, Chouaib"]
[Black "Duval, Dominique"]
[Result "1-0"]
[WhiteElo "1542"]
[BlackElo "1692"]
[PlyCount "57"]
[EventDate "2016.05.05"]
[EventType "swiss"]
[EventRounds "7"]
[EventCountry "FRA"]
[SourceTitle "EXT 2024"]
[Source "ChessBase"]
[SourceDate "2023.10.10"]
[SourceVersion "1"]
[SourceVersionDate "2023.10.10"]
[SourceQuality "1"]

1. e4 c5 2. Nf3 g6 3. d4 cxd4 4. Nxd4 Bg7 5. Nc3 Nc6 6. Be3 Nf6 7. Be2 d6 8. Qd2 Bd7 9. f3 a6 10. g4 Nxd4 11. Bxd4 Be6 12. f4 Rc8 13. g5 Nh5 14. Bxh5 Bxd4 15. Qxd4 0-0 16. Be2 Qa5 17. 0-0 b5 18. Bd3 Bc4 19. Nd5 Bxd5 20. Qxd5 Qb6+ 21. Kg2 Rc5 22. Qb3 Rfc8 23. c3 Rxg5+ 24. fxg5 Qe3 25. Qxf7+ Kh8 26. Qf3 Qxg5+ 27. Qg3 Qh6 28. Rf2 Rc5 29. Raf1 1-0

[Event "Montigny le Bretonneux 1hKO 20th"]
[Site "Montigny le Bretonneux"]
[Date "2016.05.05"]
[Round "3.12"]
[White "Benbakir, Chouaib"]
[Black "Tanchoux, Pierre"]
[Result "1-0"]
[WhiteElo "1542"]
[BlackElo "1393"]
[PlyCount "39"]
[EventDate "2016.05.05"]
[EventType "swiss"]
[EventRounds "7"]
[EventCountry "FRA"]
[SourceTitle "EXT 2024"]
[Source "ChessBase"]
[SourceDate "2023.10.10"]
[SourceVersion "1"]
[SourceVersionDate "2023.10.10"]
[SourceQuality "1"]

1. e4 c5 2. Nf3 d6 3. d4 cxd4 4. Nxd4 Nf6 5. Nc3 a6 6. Be2 e6 7. Be3 Be7 8. Qd2 Qc7 9. f3 Nc6 10. g4 Nxd4 11. Bxd4 e5 12. Be3 0-0 13. h4 Be6 14. h5 Rfe8 15. g5 Nd7 16. g6 fxg6 17. hxg6 hxg6 18. Nd5 Bxd5 19. Qxd5+ Kf8 20. Rh8# 1-0

[Event "Montigny le Bretonneux 1hKO 20th"]
[Site "Montigny le Bretonneux"]
[Date "2016.05.05"]
[Round "2.9"]
[White "Petat, Yannick"]
[Black "Benbakir, Chouaib"]
[Result "1-0"]
[WhiteElo "1949"]
[BlackElo "1542"]
[PlyCount "54"]
[EventDate "2016.05.05"]
[EventType "swiss"]
[EventRounds "7"]
[EventCountry "FRA"]
[SourceTitle "EXT 2024"]
[Source "ChessBase"]
[SourceDate "2023.10.10"]
[SourceVersion "1"]
[SourceVersionDate "2023.10.10"]
[SourceQuality "1"]

1. d4 Nf6 2. c4 g6 3. Nc3 Bg7 4. e4 d6 5. Nf3 0-0 6. Be2 Nc6 7. d5 Ne5 8. Nxe5 dxe5 9. c5 h6 10. Be3 e6 11. d6 cxd6 12. cxd6 a6 13. 0-0 Nd7 14. Qb3 Kh7 15. Rac1 Qe8 16. Rfd1 f5 17. exf5 gxf5 18. Na4 f4 19. Bb6 e4 20. Rc7 Qg6 21. Qh3 Rf5 22. Rdc1 f3 23. Bf1 Be5 24. Qh4 Rg5 25. g3 Bf6 26. Qh3 h5 27. Qxe6 Kh6 1-0

[Event "Montigny le Bretonneux Noel op 16th"]
[Site "Montigny le Bretonneux"]
[Date "2015.12.30"]
[Round "7"]
[White "Tornare, Michel"]
[Black "Benbakir, Chouaib"]
[Result "1-0"]
[WhiteElo "1879"]
[BlackElo "1399"]
[PlyCount "49"]
[EventDate "2015.12.27"]
[EventType "swiss"]
[EventRounds "7"]
[EventCountry "FRA"]
[SourceTitle "CBM 170 Extra"]
[Source "ChessBase"]
[SourceDate "2016.02.25"]
[SourceVersion "1"]
[SourceVersionDate "2016.02.25"]
[SourceQuality "1"]

1. d4 Nf6 2. Nf3 d6 3. c4 g6 4. Nc3 Bg7 5. Bg5 0-0 6. e3 h6 7. Bh4 c6 8. Be2 Nbd7 9. 0-0 e5 10. Qc2 g5 11. Bg3 Qe7 12. dxe5 dxe5 13. Nd2 Nc5 14. b4 Na6 15. a3 g4 16. f3 h5 17. Bh4 Qe6 18. c5 Nh7 19. Rad1 Qh6 20. Nc4 Be6 21. f4 exf4 22. exf4 f5 23. Rd6 Nc7 24. Na5 Ne8 25. Rxe6 1-0

[Event "Montigny le Bretonneux Noel op 16th"]
[Site "Montigny le Bretonneux"]
[Date "2015.12.29"]
[Round "6"]
[White "Benbakir, Chouaib"]
[Black "Saugrain, Jean Maxime"]
[Result "1/2-1/2"]
[WhiteElo "1399"]
[BlackElo "1813"]
[PlyCount "90"]
[EventDate "2015.12.27"]
[EventType "swiss"]
[EventRounds "7"]
[EventCountry "FRA"]
[SourceTitle "CBM 170 Extra"]
[Source "ChessBase"]
[SourceDate "2016.02.25"]
[SourceVersion "1"]
[SourceVersionDate "2016.02.25"]
[SourceQuality "1"]

1. e4 c5 2. Nf3 Nc6 3. d4 cxd4 4. Nxd4 a6 5. Nc3 e5 6. Nb3 Bb4 7. Bd2 Nf6 8. Qf3 d6 9. h3 Be6 10. a3 Bxb3 11. cxb3 Nd4 12. Qd1 Ba5 13. Bd3 0-0 14. 0-0 h6 15. b4 Bb6 16. Ne2 Rc8 17. Rc1 Rxc1 18. Bxc1 Qd7 19. Ng3 Rc8 20. Be3 Ba7 21. Kh1 b5 22. Ne2 Ne6 23. Qd2 Bxe3 24. Qxe3 Ng5 25. Nc3 Re8 26. Rd1 Kh8 27. a4 Rb8 28. axb5 axb5 29. Qe2 Qb7 30. Ra1 Ne6 31. Nxb5 Nf4 32. Qe3 Nxd3 33. Nxd6 Nxf2+ 34. Qxf2 Qc7 35. Qd2 Kg8 36. Rc1 Qb6 37. Rc8+ Rxc8 38. Nxc8 Qa6 39. Qd8+ Kh7 40. Ne7 Qf1+ 41. Kh2 Qf4+ 42. Kh1 Qxe4 43. b5 Qe1+ 44. Kh2 Qf1 45. b6 Qf4+ 1/2-1/2